Statistiques concernant Tous les mini-jeux de Mario Party 8

Cliquez ici pour prendre le quiz!

Statistiques générales

  • Ce quiz a été pris 2 fois
  • Le résultat moyen est 9 sur 81

Statistiques - réponses

CatégorieMini-jeu% Correct
4 joueursA L'affût, Nambule
100%
DuelCerise sur le Gâteau
50%
2 VS 2Cerise sur le Gâteau
50%
4 joueursChompouinage
50%
4 joueursDéfi Graffiti
50%
DéfiFruits de la Patience
50%
2 VS 2Goomba et Couleurs
50%
DuelGoomba et Couleurs
50%
4 joueursHissez Haut
50%
DéfiMarchandage de Sable
50%
4 joueursMatrice Pas Triste
50%
2 VS 2Oasis Sans Issue
50%
4 joueursSauve-Qui-Feu
50%
4 joueursSki Aéronautique
50%
4 joueursSoda-Shake
50%
DuelSoda-Shake
50%
4 joueursTournis Coton
50%
2 VS 2A Boolaids Rouges
0%
DuelAccro-Batte
0%
4 joueursAccro-Batte
0%
1 VS 3Alerte à la Bob-omb
0%
DuelBataille sur Rails
0%
Zone des ExtrasBowling de l'Etoile
0%
DuelCache-Cache Potache
0%
Zone des ExtrasCage aux Chomp
0%
2 VS 2Canots Pas Gais
0%
2 VS 2Carotte et Maillet
0%
DuelCartes à Jouter
0%
Zone des ExtrasChasseur de Têtes
0%
4 joueursChimpanzés Grimpants
0%
DuelChimpanzés Grimpants
0%
1 VS 3Corde à Sauter
0%
4 joueursCourse en Nénuphar
0%
CombatDérapage de Glace
0%
DuelDéséquilibriste
0%
Zone des ExtrasDrapeaux et Pirates
0%
DuelDuel Explosif
0%
2 VS 2Duels aux Sommets
0%
4 joueursD'une Pierre un Coup
0%
2 VS 2Eclate-Ballons
0%
DuelEclate-Ballons
0%
DuelFlexion, Rotation
0%
2 VS 2Football Incertain
0%
DuelGemme Glacée
0%
Zone des ExtrasGrand Prix en Furie
0%
1 VS 3Haute Tension
0%
4 joueursKartastrophe
0%
4 joueursLa Balle au Bond
0%
CombatLa Corde Sensible
0%
DuelLancers Pas Francs
0%
1 VS 3L'Ascenseur Infernal
0%
DuelLassos et Tonneaux
0%
1 VS 3Les Brigades du Tir
0%
1 VS 3Les Fuyards sur le Toit
0%
DéfiLes Tampons Flingueurs
0%
DuelLe Troisième Mr. Oeil
0%
DuelMine de Rien
0%
DuelMise à l'Eprouvette
0%
DuelObstacles en Altitude
0%
DuelOhé, du Bateau
0%
1 VS 3Panier Percé
0%
DuelParcours du Bricoleur
0%
1 VS 3Pièges en Skate
0%
Zone des ExtrasPuzzle en Piliers
0%
Zone des ExtrasRallye du Canyon
0%
2 VS 2Ravin Vaurien
0%
1 VS 3Rig'Hologramme
0%
4 joueursScooters Tamponneurs
0%
DuelSlalom Cosmique
0%
4 joueursSurf des Neiges
0%
DuelSurfeur Spatial
0%
CombatTel Guillaume
0%
Zone des ExtrasTenace de Table
0%
4 joueursTic-Tac Attaque
0%
DuelTir au Champignon
0%
CombatTirer les Cartes
0%
DuelTirer les Cartes
0%
DuelTrain-Train Electrique
0%
VS BowserUltime Bataille
0%
CombatVaisseaux Spéciaux
0%
DuelVaisseaux Spéciaux
0%

Distribution des résultats

Percentile par nombre de réponses

% des personnes avec chaque résultat

Votre développement - résultats

Vous n’avez pas pris ce quiz